Harry Potter: Tous les personnages étant Animagus - Statistiques

Statistiques générales
  • Ce quiz a été pris 1 601 fois
    1 229 depuis la dernière actualisation
  • Le résultat moyen est 4 sur 5
Statistiques - réponses
nombre personnage % Correct
2 Sirius Black
88%
1 Minerva McGonagall
75%
4 James Potter
74%
3 Peter Pettigrow
69%
5 Rita Skeeter
51%
Aucun quiz correspondant
Distribution des résultats
% des personnes avec chaque résultat
Percentile par nombre de réponses
Votre historique - résultats
Vous n’avez pas pris ce quiz depuis la dernière actualisation